[Event "Hofheim Spring op-B 7th"]
[Site "Hofheim"]
[Date "2019.04.27"]
[Round "8"]
[White "Hotz, Herbert"]
[Black "Reinacher, Detlev"]
[Result "0-1"]
[WhiteElo "1557"]
[BlackElo "1691"]
[PlyCount "92"]
[EventDate "2019.04.23"]
[EventType "swiss"]
[EventRounds "9"]
[EventCountry "GER"]
[SourceTitle "CBM 190 Extra"]
[Source "ChessBase"]
[SourceDate "2019.07.15"]
[SourceVersion "1"]
[SourceVersionDate "2019.07.15"]
[SourceQuality "1"]

1. c4 d6 2. g3 g6 3. Bg2 Bg7 4. Nc3 Nf6 5. e4 c6 6. Nge2 Nbd7 7. 0-0 Qc7 8. d3 e5 9. h3 b6 10. Be3 Bb7 11. d4 0-0 12. Qc2 a6 13. b3 b5 14. Rad1 b4 15. Nb1 exd4 16. Nxd4 c5 17. Ne2 Nb6 18. Nf4 Rfe8 19. Nd5 Nfxd5 20. exd5 h5 21. Qd2 a5 22. Bh6 Bh8 23. Rfe1 Qd7 24. Rxe8+ Rxe8 25. Re1 a4 26. Be4 Bd4 27. Bg2 a3 28. Kf1 Bc8 29. Rxe8+ Qxe8 30. Qe2 Qxe2+ 31. Kxe2 Bf5 32. Nd2 Bc3 33. Bf4 Nc8 34. h4 Bxd2 35. Kxd2 Bb1 36. Kc1 Bxa2 37. Bh3 f5 38. Bf1 Kf7 39. Bd3 Bxb3 40. Be2 Ke7 41. Bd3 Nb6 42. f3 Bxc4 43. Bxc4 Nxc4 44. Bg5+ Kd7 45. Bf6 Ne3 46. Ba1 Nxd5 0-1

[Event "Hofheim Spring op-B 7th"]
[Site "Hofheim"]
[Date "2019.04.25"]
[Round "5"]
[White "Reinacher, Detlev"]
[Black "Eckert, Michael"]
[Result "1/2-1/2"]
[WhiteElo "1691"]
[BlackElo "1558"]
[PlyCount "103"]
[EventDate "2019.04.23"]
[EventType "swiss"]
[EventRounds "9"]
[EventCountry "GER"]
[SourceTitle "CBM 190 Extra"]
[Source "ChessBase"]
[SourceDate "2019.07.15"]
[SourceVersion "1"]
[SourceVersionDate "2019.07.15"]
[SourceQuality "1"]

1. e4 c5 2. d3 Nc6 3. g3 b6 4. Bg2 Bb7 5. Nf3 Nf6 6. Nbd2 g6 7. 0-0 Bg7 8. c3 0-0 9. a3 d5 10. Qc2 dxe4 11. Nxe4 Nxe4 12. dxe4 Qc7 13. Be3 Rad8 14. Rad1 e5 15. h4 h5 16. Ng5 Qe7 17. Bh3 Bc8 18. Bxc8 Rxc8 19. Rd2 Rcd8 20. Rfd1 Rxd2 21. Rxd2 f6 22. Qb3+ Kh8 23. Ne6 Re8 24. Nxg7 Kxg7 25. Qa4 Qe6 26. b4 cxb4 27. cxb4 Rc8 28. b5 Na5 29. Qd1 Rc7 30. Rd6 Qf7 31. a4 Nc4 32. Rd8 Nxe3 33. fxe3 Qe6 34. Kf2 Qh3 35. Rd2 Qg4 36. Qxg4 hxg4 37. a5 bxa5 38. Ra2 Kf7 39. Rxa5 Re7 40. Ke2 f5 41. exf5 gxf5 42. Kd3 Kf6 43. Ra6+ Kg7 44. h5 Kh7 45. Rc6 Rf7 46. Kc4 f4 47. exf4 exf4 48. gxf4 Rxf4+ 49. Kd3 Rf5 50. Rg6 Rxh5 51. Rxg4 Rxb5 52. Ra4 1/2-1/2

[Event "Solingen Karneval op"]
[Site "Solingen"]
[Date "2017.02.26"]
[Round "4"]
[White "Reinacher, Detlev"]
[Black "Falkenberg, Hendrik"]
[Result "0-1"]
[WhiteElo "1705"]
[BlackElo "1843"]
[PlyCount "116"]
[EventDate "2017.02.24"]
[EventType "swiss"]
[EventRounds "5"]
[EventCountry "GER"]
[SourceTitle "EXT 2018"]
[Source "ChessBase"]
[SourceDate "2017.10.13"]
[SourceVersion "1"]
[SourceVersionDate "2017.10.13"]
[SourceQuality "1"]

1. e4 c5 2. d3 Nc6 3. g3 g6 4. Bg2 Bg7 5. Nf3 d6 6. 0-0 Nf6 7. c3 0-0 8. Qc2 Bg4 9. Nbd2 Rc8 10. b3 Qd7 11. Re1 Rfd8 12. Bb2 b5 13. Rac1 a5 14. a3 Bh3 15. Bh1 Nh5 16. Nf1 Bh6 17. Rcd1 e5 18. Ne3 Ne7 19. c4 b4 20. a4 Rf8 21. Bc1 f5 22. Nxf5 Nxf5 23. exf5 Bxc1 24. Qxc1 Qxf5 25. Qc2 Nf4 26. Nh4 Qg5 27. Ng2 Ne6 28. Nh4 Nd4 29. Qb2 Qf6 30. Re3 g5 31. Bd5+ Kg7 32. Nf3 Bg4 33. Nxd4 cxd4 34. Ree1 Bxd1 35. Rxd1 h5 36. Qe2 Qh6 37. Rf1 Rf6 38. h3 h4 39. g4 Rf4 40. f3 Qf6 41. Kg2 Qe7 42. Rf2 Rff8 43. Be4 Rc5 44. Qd2 Qf6 45. Kh2 Rd8 46. Kg2 Kf7 47. Rf1 Ke7 48. Rc1 Rdc8 49. Kf2 d5 50. Bxd5 Rxd5 51. cxd5 Rc3 52. Rxc3 dxc3 53. Qe3 Qf4 54. Qa7+ Kd6 55. Qb6+ Kxd5 56. Qxa5+ Kd4 57. Qxb4+ Kxd3 58. Qd6+ Qd4+ 0-1

[Event "Hofheim Spring op-B 4th"]
[Site "Hofheim"]
[Date "2016.04.02"]
[Round "9"]
[White "Reinacher, Detlev"]
[Black "Kuenitz, Klaus"]
[Result "1/2-1/2"]
[WhiteElo "1761"]
[BlackElo "1825"]
[PlyCount "26"]
[EventDate "2016.03.30"]
[EventType "swiss"]
[EventRounds "9"]
[EventCountry "GER"]
[SourceTitle "EXT 2018"]
[Source "ChessBase"]
[SourceDate "2017.10.13"]
[SourceVersion "1"]
[SourceVersionDate "2017.10.13"]
[SourceQuality "1"]

1. e4 e6 2. d3 d5 3. Nd2 c5 4. g3 Nc6 5. Bg2 Nf6 6. Ngf3 Be7 7. 0-0 b6 8. Re1 Bb7 9. e5 Nd7 10. Nf1 Qc7 11. Qe2 h6 12. h3 0-0-0 13. Bf4 Rdg8 1/2-1/2

[Event "Solingen Karneval op"]
[Site "Solingen"]
[Date "2016.02.07"]
[Round "5"]
[White "Rahimi, Rahim"]
[Black "Reinacher, Detlev"]
[Result "1-0"]
[WhiteElo "2083"]
[BlackElo "1759"]
[PlyCount "25"]
[EventDate "2016.02.05"]
[EventType "swiss"]
[EventRounds "5"]
[EventCountry "GER"]
[SourceTitle "EXT 2018"]
[Source "ChessBase"]
[SourceDate "2017.10.13"]
[SourceVersion "1"]
[SourceVersionDate "2017.10.13"]
[SourceQuality "1"]

1. d4 Nf6 2. Nf3 d6 3. h3 g6 4. Bf4 Bg7 5. e3 c6 6. Nbd2 Nbd7 7. c3 Qc7 8. Bc4 0-0 9. Ng5 b5 10. Bxf7+ Rxf7 11. Qb3 Nd5 12. Nxf7 Nxf4 13. Nh6+ 1-0

[Event "Solingen Karneval op"]
[Site "Solingen"]
[Date "2015.02.14"]
[Round "3"]
[White "Reinacher, Detlev"]
[Black "Pauls, Wilhelm"]
[Result "0-1"]
[WhiteElo "1772"]
[BlackElo "1956"]
[PlyCount "116"]
[EventDate "2015.02.13"]
[EventType "swiss"]
[EventRounds "5"]
[EventCountry "GER"]
[SourceTitle "EXT 2016"]
[Source "ChessBase"]
[SourceDate "2015.10.08"]
[SourceVersion "1"]
[SourceVersionDate "2015.10.08"]
[SourceQuality "1"]

1. e4 e5 2. d3 Nf6 3. g3 Bc5 4. Bg2 d6 5. Nf3 Nbd7 6. c3 Bb6 7. Nbd2 c6 8. 0-0 Qe7 9. Qc2 Nf8 10. b4 Ng6 11. Bb2 h5 12. d4 h4 13. Nc4 Bc7 14. a4 hxg3 15. fxg3 Ng4 16. Rae1 f6 17. h3 Nh6 18. Ne3 Be6 19. d5 Bd7 20. a5 a6 21. c4 Bb8 22. c5 Ba7 23. Ba3 0-0 24. Nf5 Qd8 25. dxc6 Bxc6 26. Nxh6+ gxh6 27. Rd1 Qe7 28. Kh2 dxc5 29. bxc5 Rad8 30. Qb3+ Kh7 31. Nd2 Bxc5 32. Nc4 Bxa3 33. Nxa3 Kg7 34. Rfe1 Rxd1 35. Rxd1 Rd8 36. Nc4 Rxd1 37. Qxd1 Qc5 38. Nd6 Kh7 39. Nf5 Qf8 40. Qh5 Be8 41. Qg4 Ne7 42. Nd6 Bc6 43. Qe6 Ng8 44. Qf5+ Kh8 45. Qe6 Qe7 46. Nf7+ Kg7 47. Qxe7 Nxe7 48. Nd8 Kf8 49. Ne6+ Ke8 50. Nc5 Kd8 51. Bf1 Kc7 52. Bd3 Kd6 53. Nb3 Ba4 54. Bc4 Nc6 55. Be6 Kxe6 56. Nc5+ Kd6 57. Nxa4 Nxa5 58. Nb6 Nb3 0-1

[Event "Vellmar op-B 5th"]
[Site "Vellmar"]
[Date "2013.07.28"]
[Round "7"]
[White "Vedder, Matthias"]
[Black "Reinacher, Detlev"]
[Result "0-1"]
[WhiteElo "1619"]
[BlackElo "1762"]
[PlyCount "66"]
[EventDate "2013.07.25"]
[EventType "swiss"]
[EventRounds "7"]
[EventCountry "GER"]
[SourceTitle "EXT 2015"]
[Source "ChessBase"]
[SourceDate "2014.11.20"]
[SourceVersion "1"]
[SourceVersionDate "2014.11.20"]
[SourceQuality "1"]

1. d4 Nf6 2. c4 d6 3. Nc3 g6 4. e4 Bg7 5. h3 Nbd7 6. Be3 c6 7. Nf3 0-0 8. Be2 Qc7 9. Rc1 a6 10. 0-0 b6 11. d5 c5 12. Qd2 Re8 13. Rfd1 Bb7 14. Bh6 Bh8 15. Bf4 Rad8 16. g4 Bc8 17. Kh2 h5 18. g5 Nh7 19. Nh4 Ne5 20. Qe3 Qd7 21. Rg1 Nf8 22. b3 e6 23. Na4 Qb7 24. Bxh5 gxh5 25. Qe2 Nfg6 26. Bg3 exd5 27. cxd5 Nxh4 28. Bxh4 Qd7 29. Rg3 Ng6 30. Qxh5 Be5 31. Nxb6 Qxh3+ 32. Kg1 Bxg3 33. fxg3 Nxh4 0-1

[Event "Vellmar op-B 5th"]
[Site "Vellmar"]
[Date "2013.07.27"]
[Round "5"]
[White "Krug, Franz Dieter"]
[Black "Reinacher, Detlev"]
[Result "0-1"]
[WhiteElo "1579"]
[BlackElo "1762"]
[PlyCount "74"]
[EventDate "2013.07.25"]
[EventType "swiss"]
[EventRounds "7"]
[EventCountry "GER"]
[SourceTitle "EXT 2015"]
[Source "ChessBase"]
[SourceDate "2014.11.20"]
[SourceVersion "1"]
[SourceVersionDate "2014.11.20"]
[SourceQuality "1"]

1. d4 Nf6 2. c4 d6 3. Nc3 g6 4. h3 Bg7 5. Nf3 c6 6. e3 Nbd7 7. Bd3 e5 8. dxe5 dxe5 9. Ne4 Nxe4 10. Bxe4 f5 11. Bc2 0-0 12. 0-0 b6 13. e4 f4 14. b4 Bb7 15. Qe2 Qc7 16. c5 h6 17. Rd1 Rfd8 18. Qc4+ Kh7 19. Qe6 Nf8 20. Qc4 b5 21. Qe2 g5 22. Nxg5+ hxg5 23. Qh5+ Bh6 24. Bxf4 gxf4 25. Bb3 Ng6 26. Be6 Rxd1+ 27. Rxd1 Rd8 28. Bf5 Rxd1+ 29. Qxd1 Bc8 30. Qd6 Qxd6 31. cxd6 Bxf5 32. exf5 Nf8 33. g4 Bg5 34. f3 Kg7 35. Kf2 Kf7 36. Ke2 Ke8 37. Kd3 Kd7 0-1

[Event "Vellmar op-B 5th"]
[Site "Vellmar"]
[Date "2013.07.27"]
[Round "4"]
[White "Reinacher, Detlev"]
[Black "Bethke, Robert"]
[Result "1-0"]
[WhiteElo "1762"]
[BlackElo "1545"]
[PlyCount "91"]
[EventDate "2013.07.25"]
[EventType "swiss"]
[EventRounds "7"]
[EventCountry "GER"]
[SourceTitle "EXT 2015"]
[Source "ChessBase"]
[SourceDate "2014.11.20"]
[SourceVersion "1"]
[SourceVersionDate "2014.11.20"]
[SourceQuality "1"]

1. e4 e5 2. d3 d6 3. g3 g6 4. Bg2 Bg7 5. Nf3 Nf6 6. b3 b6 7. Bb2 Bb7 8. Nbd2 Nbd7 9. 0-0 0-0 10. a4 a5 11. Re1 Re8 12. d4 exd4 13. Nxd4 d5 14. exd5 Rxe1+ 15. Qxe1 Bxd5 16. Nc6 Qe8 17. Ne7+ Kf8 18. Nxd5 Qxe1+ 19. Rxe1 Rc8 20. Ba3+ c5 21. Nc4 Nxd5 22. Bxd5 Re8 23. Rxe8+ Kxe8 24. Nd6+ Ke7 25. Nxf7 Nf6 26. Bc4 Nd7 27. Ng5 Nf8 28. Ne4 Nd7 29. f4 Bd4+ 30. Kg2 Bg7 31. c3 Nf6 32. Nxf6 Bxf6 33. b4 Bxc3 34. bxc5 bxc5 35. Bxc5+ Kf6 36. g4 Kg7 37. Kf3 Kf6 38. Ke4 Kg7 39. Bd4+ Bxd4 40. Kxd4 Kf6 41. h4 Ke7 42. Ke5 Kf8 43. Kf6 g5 44. hxg5 Ke8 45. Kg7 Ke7 46. Kxh7 1-0

[Event "Solingen Karneval op"]
[Site "Solingen"]
[Date "2012.02.19"]
[Round "4"]
[White "Runte, Dirk"]
[Black "Reinacher, Detlev"]
[Result "1/2-1/2"]
[WhiteElo "1576"]
[BlackElo "1748"]
[PlyCount "71"]
[EventDate "2012.02.17"]
[EventType "swiss"]
[EventRounds "5"]
[EventCountry "GER"]
[SourceTitle "EXT 2015"]
[Source "ChessBase"]
[SourceDate "2014.11.20"]
[SourceVersion "1"]
[SourceVersionDate "2014.11.20"]
[SourceQuality "1"]

1. e4 d6 2. d4 g6 3. Nc3 Bg7 4. Be3 Nf6 5. f3 Nbd7 6. Qd2 c6 7. Bh6 0-0 8. g4 a6 9. h4 e5 10. Bxg7 Kxg7 11. h5 b5 12. hxg6 fxg6 13. Qh6+ Kg8 14. 0-0-0 exd4 15. Rxd4 Ne5 16. Qh2 Qe7 17. Qd2 Nfxg4 18. Rxd6 Nxf3 19. Nxf3 Rxf3 20. Rd8+ Rf8 21. Rxf8+ Qxf8 22. a4 Be6 23. Be2 Qe7 24. Rd1 b4 25. Nb1 Nf2 26. Qd6 Re8 27. Qxe7 Rxe7 28. Rd6 Bd5 29. Nd2 a5 30. exd5 Rxe2 31. Nf3 cxd5 32. Ng5 Re5 33. Rd8+ Kg7 34. Rd7+ Kg8 35. Rd8+ Kg7 36. Rd7+ 1/2-1/2

[Event "Solingen Karneval op"]
[Site "Solingen"]
[Date "2012.02.18"]
[Round "2"]
[White "Moeller, Laura"]
[Black "Reinacher, Detlev"]
[Result "0-1"]
[WhiteElo "963"]
[BlackElo "1748"]
[PlyCount "58"]
[EventDate "2012.02.17"]
[EventType "swiss"]
[EventRounds "5"]
[EventCountry "GER"]
[SourceTitle "EXT 2015"]
[Source "ChessBase"]
[SourceDate "2014.11.20"]
[SourceVersion "1"]
[SourceVersionDate "2014.11.20"]
[SourceQuality "1"]

1. c4 Nf6 2. Nc3 g6 3. g3 Bg7 4. Bg2 d6 5. d4 c6 6. Be3 Nbd7 7. Nh3 a6 8. 0-0 0-0 9. Ng5 Qc7 10. d5 c5 11. f4 Nb6 12. b3 Ng4 13. Qd2 Nxe3 14. Rfe1 h6 15. Nf3 Nxg2 16. Kxg2 e6 17. Rac1 Bd7 18. e4 Nc8 19. e5 b5 20. cxb5 axb5 21. Ne4 exd5 22. Qxd5 Rxa2+ 23. Kf1 Bc6 24. Qd3 Bxe4 25. Qxe4 dxe5 26. fxe5 Re8 27. Qb1 Qa7 28. Qd3 c4 29. bxc4 Qf2# 0-1

[Event "Solingen Karneval op"]
[Site "Solingen"]
[Date "2011.03.05"]
[Round "2"]
[White "Brinkmann, Katharina"]
[Black "Reinacher, Detlev"]
[Result "1/2-1/2"]
[WhiteElo "1438"]
[BlackElo "1697"]
[PlyCount "68"]
[EventDate "2011.03.04"]
[EventType "swiss"]
[EventRounds "5"]
[EventCountry "GER"]
[SourceTitle "EXT 2015"]
[Source "ChessBase"]
[SourceDate "2014.11.20"]
[SourceVersion "1"]
[SourceVersionDate "2014.11.20"]
[SourceQuality "1"]

1. d4 Nf6 2. c4 d6 3. Nc3 g6 4. e4 Bg7 5. f4 0-0 6. Nf3 c6 7. Bd3 Nbd7 8. 0-0 Qc7 9. f5 e5 10. fxg6 fxg6 11. d5 Qb6+ 12. Kh1 Ng4 13. Qe1 Nc5 14. Bc2 Nf6 15. a3 a5 16. Rb1 Qc7 17. b4 axb4 18. axb4 Na6 19. Be3 Bd7 20. Qd2 cxd5 21. cxd5 Rac8 22. Rb3 Nxb4 23. Rxb4 Qxc3 24. Ba4 Bxa4 25. Rxa4 Ng4 26. Qxc3 Rxc3 27. Bd2 Rd3 28. Bb4 Ne3 29. Rc1 Nxg2 30. Kxg2 Rfxf3 31. Bxd6 Rc3 32. Ra8+ Kf7 33. Rb1 Rb3 34. Rc1 Rbc3 1/2-1/2

[Event "Berlin Lichtenberger op 7th"]
[Site "Berlin"]
[Date "2008.08.20"]
[Round "5"]
[White "Reinacher, Detlev"]
[Black "Wierzbicki, Jirawat"]
[Result "1-0"]
[WhiteElo "1558"]
[BlackElo "734"]
[PlyCount "39"]
[EventDate "2008.08.16"]
[EventType "swiss"]
[EventRounds "9"]
[EventCountry "GER"]
[SourceTitle "CBM 126 Extra"]
[Source "ChessBase"]
[SourceDate "2008.11.05"]
[SourceVersion "1"]
[SourceVersionDate "2008.11.05"]
[SourceQuality "1"]

1. d4 d5 2. c4 c6 3. Nc3 Nf6 4. cxd5 Nxd5 5. e4 Nxc3 6. bxc3 e6 7. Nf3 Be7 8. Bd3 Nd7 9. 0-0 0-0 10. Qc2 b6 11. Bb2 Bb7 12. e5 Re8 13. Bxh7+ Kh8 14. Be4 b5 15. Nd2 Qc8 16. Qd3 f6 17. Qh3+ Kg8 18. Qh7+ Kf7 19. Bg6+ Kf8 20. Qh8# 1-0

[Event "Berlin Lichtenberger op 7th"]
[Site "Berlin"]
[Date "2008.08.18"]
[Round "3"]
[White "Reinacher, Detlev"]
[Black "Moeller, Dirk Halvard"]
[Result "1-0"]
[WhiteElo "1558"]
[BlackElo "1575"]
[PlyCount "67"]
[EventDate "2008.08.16"]
[EventType "swiss"]
[EventRounds "9"]
[EventCountry "GER"]
[SourceTitle "CBM 126 Extra"]
[Source "ChessBase"]
[SourceDate "2008.11.05"]
[SourceVersion "1"]
[SourceVersionDate "2008.11.05"]
[SourceQuality "1"]

1. d4 Nf6 2. c4 e6 3. Nc3 Bb4 4. e3 d5 5. Bd3 0-0 6. Qc2 dxc4 7. Bxc4 a6 8. a3 Bd6 9. b4 b5 10. Bd3 Bb7 11. Nf3 Nbd7 12. e4 e5 13. dxe5 Nxe5 14. Nxe5 Bxe5 15. Bb2 Qd6 16. g3 Rad8 17. 0-0-0 Qb6 18. Rhe1 Ng4 19. Re2 Bd4 20. Nd5 Qh6+ 21. Kb1 Bxb2 22. Ne7+ Kh8 23. Qxb2 Qxh2 24. Nf5 Nf6 25. f3 Qh5 26. g4 Qg5 27. Rh2 Rd7 28. e5 Ne8 29. Rdh1 h6 30. Nxh6 gxh6 31. e6+ Kg8 32. Rxh6 f6 33. Rh8+ Kg7 34. R1h7# 1-0

[Event "Berlin Lichtenberger op 7th"]
[Site "Berlin"]
[Date "2008.08.17"]
[Round "2"]
[White "Kopmann, Jens"]
[Black "Reinacher, Detlev"]
[Result "1-0"]
[WhiteElo "1967"]
[BlackElo "1558"]
[PlyCount "77"]
[EventDate "2008.08.16"]
[EventType "swiss"]
[EventRounds "9"]
[EventCountry "GER"]
[SourceTitle "CBM 126 Extra"]
[Source "ChessBase"]
[SourceDate "2008.11.05"]
[SourceVersion "1"]
[SourceVersionDate "2008.11.05"]
[SourceQuality "1"]

1. d4 d5 2. c4 e6 3. Nc3 Nf6 4. Bg5 Nbd7 5. e3 c6 6. a3 h6 7. Bh4 Bd6 8. c5 Bc7 9. b4 b6 10. b5 Bb7 11. Qa4 cxb5 12. Bxb5 bxc5 13. dxc5 Ba5 14. Nge2 g5 15. Bg3 d4 16. Qxd4 0-0 17. c6 Bxc6 18. Bxc6 Rc8 19. Bb7 Bxc3+ 20. Nxc3 Qa5 21. Bxc8 Rxc8 22. Rc1 Nd5 23. 0-0 Rxc3 24. Rxc3 Qxc3 25. Qxc3 Nxc3 26. Bd6 Nb5 27. Bb4 Nb6 28. Rc1 Nd5 29. Rc8+ Kg7 30. Rb8 a6 31. e4 Ndc3 32. Bxc3+ Nxc3 33. Ra8 Nxe4 34. Rxa6 Kf8 35. Ra7 Ke8 36. a4 Nd6 37. a5 Kd8 38. a6 Kc8 39. Rd7 1-0

[Event "Berlin Lichtenberger op 7th"]
[Site "Berlin"]
[Date "2008.08.16"]
[Round "1"]
[White "Reinacher, Detlev"]
[Black "Von Loehneysen, Leonard"]
[Result "0-1"]
[WhiteElo "1558"]
[BlackElo "1995"]
[PlyCount "94"]
[EventDate "2008.08.16"]
[EventType "swiss"]
[EventRounds "9"]
[EventCountry "GER"]
[SourceTitle "CBM 126 Extra"]
[Source "ChessBase"]
[SourceDate "2008.11.05"]
[SourceVersion "1"]
[SourceVersionDate "2008.11.05"]
[SourceQuality "1"]

1. d4 Nf6 2. c4 c5 3. d5 b5 4. cxb5 a6 5. bxa6 g6 6. Nc3 Bxa6 7. g3 d6 8. Bg2 Bg7 9. Nf3 Nbd7 10. 0-0 Nb6 11. Re1 0-0 12. e4 Nfd7 13. Qc2 Nc4 14. Bd2 Nxd2 15. Nxd2 Ne5 16. Bf1 c4 17. b3 Nd3 18. Bxd3 cxd3 19. Qb2 Qc7 20. Rac1 Rfc8 21. Ndb1 Bh6 22. f4 Bg7 23. Kh1 Rab8 24. Qd2 Qa5 25. e5 Rc5 26. Re4 f5 27. Ree1 Qb4 28. Qe3 dxe5 29. fxe5 e6 30. Qf4 Qxf4 31. gxf4 exd5 32. Na4 Rxc1 33. Rxc1 Bh6 34. Rd1 Bxf4 35. Nc5 Bc8 36. Rxd3 Rb5 37. Na4 d4 38. Kg1 Be3+ 39. Kf1 Rxe5 40. Ke1 Ba6 41. Rd1 f4 42. Nb2 Bg1+ 43. Kd2 Re2+ 44. Kc1 Be3+ 45. Nd2 f3 46. Nbc4 Bxc4 47. bxc4 f2 0-1